000 00468nam a2200157 4500
001 120677
003 ES-MaACL
005 20230906191611.0
007 t|
008 070214s1913 sp r ||||1| spa d
100 1 _aPrada Navarro, Gloria de la.
_993571
245 1 4 _aLas cuerdas de mi guitarra
_b: cantares /
_cGloria de Prada.
260 _aMadrid :
_b[s. n.],
_c1913 (
_fImp. `Alrededor del mundo`)
300 _a96 p. ;
_c19 x 12 cm.
852 _aES-MaACL
_jF-4522
999 _c120677
_d120677